000
00207nam a22000857a 4500
001
1235160
005
20250930105337.0
245
_a
CESARET VE KORKU
_c
BRIGITTE LABBE
260
_b
GÜNIŞIĞI KİTAPLIĞI YAYINLARI
999
_c
1235160
_d
1235160